000 01399nam a2200397 c 4500
999 _c83649
_d83649
003 BLK
005 20250509151010.0
008 180408b bul|||||r ||||||| ||bul||
010 _aKNG00088213000
020 _a978-954-427-769-7
040 _aBLK
041 _aBUL
_cBUL
080 _aМакроикономика. Микроикономика
_b330.101.54
_x(076)(075.8)
_z330.101.54(076)(075.8)
100 1 _aНайденова, Снежана Георгиева
_eпърви автор
_9274291
139 _aМакроикономика
_bМ 19
245 1 0 _aМакроикономика
_bТестове, задачи, въпроси за дискусии
_cСнежана Георгиева Найденова.
250 _a4. изд.
257 _aBGR
260 _bАбагар
_c2008
300 _a176 с.
_bс табл.
_c24 см
380 _a3
500 _a1. изд. 2004 с авт. Кр. Кунев и др.
650 4 _aМакроикономика - учебници за ВУЗ
_9244890
653 _aмакроикономика
653 _aзадачи
653 _aтестове
653 _aучебни помагала
653 _aВУЗ
852 _aЦб 243119
856 4 _qpdf
856 4 _qpdf
942 _cKNG
_n0
_s1
_02
944 _aCR
_c10.03.2009
_k30542
_lРусанова Ирена
944 _aED
_c03.04.2009
999 _d83649